Statistics for Rolling Stones Songs on the Billboard Hot 100 (USA)

Click here to take the quiz!

General Stats

  • This quiz has been taken 64 times
  • The average score is 17 of 57

Answer Stats

Peak Chart Position, YearAnswer% Correct
1, 1966Paint It, Black
82%
1, 1973Angie
80%
1, 1971Brown Sugar
80%
1, 1965(I Can't Get No) Satisfaction
76%
2, 1981Start Me Up
75%
1, 1978Miss You
65%
97, 2003Sympathy For the Devil
63%
1, 1967Ruby Tuesday
59%
3, 1968Jumpin' Jack Flash
55%
28, 1971Wild Horses
55%
8, 1978Beast of Burden
47%
55, 1967Let's Spend the Night Together
47%
7, 1972Tumbling Dice
43%
25, 1968She's a Rainbow
41%
1, 1965Get Off My Cloud
39%
2, 196619th Nervous Breakdown
37%
31, 1979Shattered
37%
48, 1968Street Fighting Man
37%
42, 1973You Can't Always Get What You Want
37%
8, 1966Mothers Little Helper
35%
3, 1980Emotional Rescue
33%
5, 1986Harlem Shuffle
33%
1, 1969Honky Tonk Woman
33%
13, 1982Waiting on a Friend
33%
9, 1983Undercover of the Night
31%
6, 1966As Tears Go By
27%
10, 1976Fool to Cry
25%
9, 1965The Last Time
25%
16, 1974It's Only Rock 'n' Roll (But I Like It)
24%
6, 1964Time Is On My Side
24%
26, 1964It's All Over Now
22%
24, 1966Lady Jane
22%
5, 1989Mixed Emotions
22%
26, 1980She's So Cold
22%
22, 1972Happy
20%
91, 1994Love is Strong
18%
20, 1982Hang Fire
16%
9, 1966Have You Seen Your Mother, Baby, Standing in the Shadow?
16%
49, 1976Hot Stuff
16%
17, 1974Ain't Too Proud To Beg
14%
50, 1990Almost Hear You Sigh
14%
28, 1986One Hit (To the Body)
14%
81, 1975Out of Time
14%
96, 1965Play With Fire
14%
23, 1989Rock and a Hard Place
14%
44, 1984She Was Hot
14%
25, 1982Going to a Go-Go
12%
14, 1967Dandelion
10%
15, 1974Doo Doo Doo Doo Doo (Heartbreaker)
10%
48, 1964Not Fade Away
10%
19, 1965Heart of Stone
8%
57, 1991Highwire
8%
50, 1967We Love You
8%
94, 1998Saint of Me
6%
42, 1975I Don't Know Why
4%
60, 1994Out of Tears
4%
24, 1964Tell Me (You're Coming Back)
4%

Score Distribution

Percentile by Number Answered

Percent of People with Each Score

Your Score History

You have not taken this quiz